| 000 | 00000nam##2200000za#4500 |
| 001 | 9.637121 |
| 003 | CaOODSP |
| 005 | 20260521145811 |
| 007 | cr ||||||||||| |
| 008 | 150407|2009||||xxc|||||o f|0| 0 fre|d |
| 020 | |a978-1-100-93224-8 |
| 040 | |aCaOODSP|bfre |
| 043 | |an-cn--- |
| 086 | 1 |aD2-247/2009F-PDF |
| 110 | 1 |aCanada. |bMinistère de la défense nationale. |
| 245 | 10|aProjection de la puissance - la Force aérienne du Canada en 2035 / |h[ressource électronique]|cAndrew, B. Godefroy, Ph.D., directeur de la rédaction. |
| 260 | |aOttawa - Ontario : |bDéfense nationale |cc2009. |
| 300 | |a115p.|bfigures, glossaire, graphiques, cartes, références, tableaux, photographies |
| 504 | |aBibliographie. |
| 520 | 3 |aLe document propose un premier regard détaillé sur la façon dont la Force aérienne du Canada mènera peut-être ses missions dans une génération d’ici, ainsi que sur les besoins en capacités qu’il faudra combler pour fonctionner dans cet environnement. |
| 590 | |a10-04|b2010-01-29 |
| 691 | 07|aArmée|2gcpds |
| 720 | 1 |aGodefroy, Andrew B. |
| 775 | 08|tProjecting power - Canada's Air Force 2035 / |w(CaOODSP)9.692104 |
| 776 | 0#|tProjecting power - Canada's Air Force 2035 / |w(CaOODSP)9.671191 |
| 776 | 0#|tProjection de la puissance - la Force aérienne du Canada en 2035 / |w(CaOODSP)9.671192 |
| 856 | 40|ahttp://publications.gc.ca|qPDF|s5805 Ko|uhttps://publications.gc.ca/collections/collection_2010/forces/D2-247-2009-fra.pdf |